000 01070cam a22002895i 4500
001 18800783
003 OSt
005 20170105101208.0
008 151001s2015 pk b 000 0 eng
010 _a 2015327518
020 _a9789695623732
025 _aP-E-2015327518; 15
037 _bLibrary of Congress -- Islamabad Overseas Office
_cRs 695
040 _aDLC
_beng
_cDLC
_erda
_dDLC
042 _alcode
050 0 0 _aPK2199.I65Z5-.I65Z999+
245 0 0 _aPerspectives on Allama Iqbal :
_ba world survey of the Iqbal studies /
_ccompiled & edited by Nadeem Shafiq Malik.
260 _aLahore
_bFiction House
_c2015
300 _a184 pages ;
_c25 cm
504 _aIncludes bibliographical references.
600 1 0 _aIqbal, Muhammad,
_cSir,
_d1877-1938
_xCriticism and interpretation.
700 1 _aMalik, Nadeem Shafiq,
_ecompiler.
856 4 1 _3Table of contents only
_uhttps://www.loc.gov/catdir/toc/fy16pdf03/2015327518.html
906 _a7
_bibc
_corigode
_d3
_encip
_f20
_gy-gencatlg
942 _2ddc
_cBK
999 _c3068
_d3068